Planning of experiments. /
Guardado en:
| Autor Principal: | |
|---|---|
| Formato: | Libro |
| Idioma: | English |
| Publicado: |
New York :
Wiley,
[1958]
|
| Series: | A Wiley publication in applied statistics
|
| Materias: | |
| Etiquetas: |
Agregar Etiqueta
Sin Etiquetas, Sea el primero en etiquetar este registro!
|
| LEADER | 00610cam a22001811a 4500 | ||
|---|---|---|---|
| 001 | EEA.libagro009436 | ||
| 005 | 20180621123835.0 | ||
| 008 | 730109s1958####nyua##########000#0#eng## | ||
| 010 | |a 58013457 | ||
| 082 | 0 | 0 | |a 001.42 |
| 100 | 1 | |a Cox, D. R. |q (David Roxbee) | |
| 245 | 1 | 0 | |a Planning of experiments. / |c D. R. Cox. |
| 260 | |a New York : |b Wiley, |c [1958] | ||
| 300 | |a 308 p. : |b il. ; |c 24 cm. | ||
| 490 | 0 | |a A Wiley publication in applied statistics | |
| 650 | 7 | |a Diseño experimental |2 agrovoc | |
| 859 | |a AR-BbBCA |b BIB. AGRONOMIA |h 001.42 |i C877 |p 1962/0013 | ||
| 859 | |a AR-BbBCA |b BIB. AGRONOMIA |h 001.42 |i C877 |p C1986/0280 |t Ej.2 | ||
